Statistics for Cincinnati Bengals Head Coaches

Click here to take the quiz!

General Stats

  • This quiz has been taken 43 times
  • The average score is 5 of 10

Answer Stats

EraHintAnswer% Correct
Cincinnati Bengals2003-2018Marvin Lewis
97%
Cincinnati Bengals2019-presentZac Taylor
89%
Cincinnati Bengals1968-1975Paul Brown
69%
Cincinnati Bengals1984-1991Sam Wyche
58%
Cincinnati Bengals1980-1983Forrest Gregg
47%
Cincinnati Bengals1992-1996Dave Shula
39%
Cincinnati Bengals1996-2000Bruce Coslet
36%
Cincinnati Bengals2000-2002Dick LeBeau
31%
Cincinnati Bengals1976-1978Bill Johnson
25%
Cincinnati Bengals1978-1979Homer Rice
22%

Score Distribution

Percentile by Number Answered

Percent of People with Each Score

Your Score History

You have not taken this quiz